Countries & Capitals of Oceania - Statistics

General Stats
  • This quiz has been taken 1,003 times
  • The average score is 22 of 28
Answer Stats
Hint Country/Capital % Correct
Australia Australia
95%
Canberra
93%
Melanesia Fiji
92%
Polynesia New Zealand
91%
Palau
89%
Samoa
89%
Tuvalu
89%
Nauru
88%
Tonga
88%
Marshall Islands
87%
Micronesia Fed. States of Micronesia
86%
Kiribati
86%
Solomon Islands
86%
Vanuatu
86%
Wellington
86%
Papua New Guinea
80%
Suva
79%
Port Moresby
73%
Apia
70%
Funafuti
68%
Port Vila
68%
Nuku'alofa
63%
Yaren
63%
Palikir
62%
South Tarawa
62%
Honiara
61%
Majuro
58%
Ngerulmud
56%
No matching quizzes found
Score Distribution
Percent of People with Each Score
Percentile by Number Answered
Your Score History
You have not taken this quiz